000 00351nam a2200121Ia 4500
008 220217s9999||||xx |||||||||||||| ||und||
082 _a005.1 JAC
100 _aJocobsan, Ivar
_93654
245 0 _aObject oriented software engineering
260 _aPearson education asia
_bNew Delhi
_c2002
300 _b195
650 _aSOFTWARE ENGINEERING
_91072
999 _c172347
_d172347